LEADER 01237nam a2200265 i 4500 001 000000247990 003 CaOOAMICUS 005 20160405000000.0 008 160405s2002 it u000 u ita u 013 $a226895 020 $a978-88-384-4861-4 040 $aSeMil$bita 100 1 $aKwitny, Jonathan.$0(OLS)http://semarc/name/82988 240 10$aMan of the century.$0(OLS)http://semarc/title/350076 245 12$aL'uomo del secolo :$bla vita e il tempo di Giovanni Paolo 2. /$cJonathan Kwitny ; presentazione e appendice a cura di Marco Tosatti. 260 $aCasale Monferrato (AL) :$bPiemme,$ccopyr. 2002. 300 $a475 p. ;$c24 cm. 500 $aContiene : Appendice. 650 4$aGiovanni Paolo II - Biografie.$0(OLS)http://semarc/subject/10052 700 1 $aTosatti, Marco,$d<1947- >.$0(OLS)http://semarc/name/49658 850 $aSeMil 852 $aSeMil$W1$xVenegono$y1$m3A IV 36$j198336$B198336$CSeMilBibl$Z2$F210267 $81 996 $6020$a978-88-384-4861-4$9(OLS)http://semarc/number/257506 996 $6245$aL'uomo del secolo :$bla vita e il tempo di Giovanni Paolo 2.$9(OLS)http://semarc/title/350075 996 $6260$aCasale Monferrato (AL) :$bPiemme$9(OLS)http://semarc/publisher/30052 LEADER 01474nam a2200313 i 4500 001 000000241554 003 CaOOAMICUS 005 20260327090900.0 008 150506s1634 xx u000 u lat u 013 $a220459 026 $ar.ci o-s. uslo laco (3) 1634 (R) 040 $aSeMil$bita 100 1 $aBellarmino, Roberto,$c.$0(OLS)http://semarc/name/1158 245 13$aDe ascensione mentis in Deum per scalas rerum creatarum opusculum Roberti cardinalis Bellarmini e Societate Iesu .. 260 $aColoniae Agrippinae :$bApud Cornel ab Egmond,$c1634. 300 $a[20], 274, [2] p., [3] carte di tav. :$bfront., ill. calcogr. ;$c16º. 500 $aSegn.: A-S8 T4 500 $aIniz., fregi xilogr. 500 $aFront. in cornice con emblema dei Gesuiti 500 $aRitratto di Bellarmino a carta A2v. 500 $aA carta B2r altra illustrazione calcogr. a piena pagina 700 1 $aEgmondt, Cornelius ab,$c.$0(OLS)http://semarc/name/18702 850 $aSeMil 852 $aSeMil$W1$xVenegono$y1$m3F I 161 FA$j191900$B191900$CSeMilBibl$Z2$F202690 $8I 941 1 $a10 961 $aRecupero: Mantegazza 996 $6245$aDe ascensione mentis in Deum per scalas rerum creatarum opusculum Roberti cardinalis Bellarmini e Societate Iesu ..$9(OLS)http://semarc/title/343309 996 $6260$aColoniae Agrippinae :$bApud Cornel ab Egmond$9(OLS)http://semarc/publisher/54595